Normal view MARC view
  • México

Entry Nombre Geográfico

Number of records used in: 15

001 - NÚMERO DE CONTROL

  • campo de control: 4413

003 - IDENTIFICADOR DE NUMERO DE CONTROL

  • campo de control: MX-MxUPN

005 - FECHA Y HORA DE LA ÜLTIMA TRANSACCIÓN

  • campo de control: 20231012101245.0

008 - DATOS DE LONGITUD FIJA

  • campo de control de longitud fija: 231012n||acnnnbabn | ana |d

035 ## - NÚMERO DE CONTROL

  • Número de control: UPN10000004413

040 ## - FUENTE DE CATALOGACIÓN

  • Agencia de catalogación original: MX-MxUPN
  • Lenguaje de catalogación: spa
  • Agencia de transcripción: MX-MxUPN

053 #4 - NÚMERO DE CLASIFICACIÓN LC

  • Elemento de número de clasificación-número único o número de inicio de tramo: F1236

151 ## - ENCABEZAMIENTO - NOMBRE GEOGRÁFICO

  • Nombre geográfico: México
  • Subdivisión general : Política y gobierno
  • Subdivisión cronológica : 1970-

670 ## - FUENTE EN LA QUE SE LOCALIZARON DATOS

  • Cita de la fuente: E
  • Información localizada: México - Política y gobierno - 1946-

902 ## - CATALOGADOR

  • Catalogador: CAA/040806